Statystyki dla Przedmioty Szkolne

Kliknij tutaj aby rozwiązać quiz!

Ogólne statystyki

  • Ten quiz został rozwiązany 4 455 razy
    (2 959 od ostatniego zresetowania)
  • Średni wynik to 18 z 29

Statystyki odpowiedzi

Przedmiot% Poprawnych
Język obcy nowożytny
98%
Język obcy nowożytny (drugi)
98%
Język polski
98%
Matematyka
96%
Wychowanie fizyczne
93%
Biologia
92%
Chemia
91%
Fizyka
89%
Historia
88%
Geografia
87%
Plastyka
83%
Etyka / Religia
79%
Muzyka
79%
Technika
75%
Wiedza o społeczeństwie
75%
Informatyka
74%
Przyroda
66%
Wychowanie do życia w rodzinie
62%
Edukacja dla bezpieczeństwa
58%
Historia i teraźniejszość
47%
Godzina wychowawcza
41%
Podstawy przedsiębiorczości
30%
Filozofia
24%
Język łaciński i kultura antyczna
10%
Historia sztuki
8%
Historia muzyki
5%
Język regionalny (kaszubski)
5%
Język mniejszości narodowej lub etnicznej
3%
Historia tańca
2%

Rozkład punktacji

Percentyl według liczby udzielonych odpowiedzi

Procent ludzi z każdym wynikiem

Twoja historia wyników

Nie rozwiązałeś tego quizu od ostatniego zresetowania